Ultimate BOTW Quiz - Statistics

General Stats
  • This quiz has been taken 188 times
    82 since last reset
  • The average score is 46 of 63
Answer Stats
Hint Answer % Correct
Number of stamina wheels at the start 1
94%
Revali
92%
Number of hearts at the start 3
91%
Daruk
91%
Fireblight
91%
Mipha
91%
Waterblight
91%
Thunderblight
89%
Urbosa
89%
Vah Ruta
89%
Name the four Blight Ganons Windblight
89%
Name the five champions Link
88%
Name the four Divine Beasts Vah Medoh
88%
Clan that stole the Thunder Helm Yiga
86%
Number of hearts needed to pull the main sword 13
85%
Friends of Hestu Korok
85%
Vah Naboris
85%
Number of towers 15
80%
Final boss Calamity Ganon
80%
Rock giants Talus
80%
Vah Rudania
80%
Robots found around Hyrule Guardians
78%
Hateno
78%
Obtained from Koroks Korok Seeds
78%
That clan's leader Master Kohga
78%
Weapons needed to defeat the final boss Master Sword
78%
Final boss' 2nd phase Dark Beast Ganon
77%
Gerudo
77%
Rito
77%
Magnesis
75%
Sidon
75%
Zora
75%
Starting region Great Plateau
74%
Kakariko
71%
5 runes on the Sheikah Slate (No DLC) Remote Bomb
71%
Riju
71%
Stasis
71%
Number of shrines (No DLC) 120
69%
Rito Champion's gift Gale
69%
Goron
69%
Large tree that assits Great Deku Tree
69%
Other founder of Tarrey Town Hudson
69%
Camera
68%
Enemy to defeat for the Hylian Shield Stalnox
68%
What animal does Dark Beast Ganon look like Warthog
68%
Zora Champion's gift Grace
66%
Man obsessed with monsters Kilton
66%
Goron Champion's gift Protection
66%
Yunobo
66%
Bow of Light
65%
Gerudo Champion's gift Fury
65%
The Old Man King Rhoam
65%
Four main allies against the Divine Beasts Teba
63%
Obtained after killing a boss Heart Container
62%
His currency Mon
60%
Number of DLC shrines 16
58%
Name all Villages Lurelin
57%
Number of real world minutes equal to a day 20
54%
Tarrey
54%
White Horse
43%
Three unique types of horse Giant Horse
42%
Stalhorse
35%
Cyronis
9%
No matching quizzes found
Score Distribution
Percent of People with Each Score
Percentile by Number Answered
Your Score History
You have not taken this quiz since the last reset